[Event "msr2018"]
[Site "?"]
[Date "2018.04.25"]
[Round "7.18"]
[White "Krupa, Miroslav"]
[Black "Salgovic, Simon"]
[Result "1-0"]
[BlackElo "1789"]
[WhiteElo "2002"]
[LiveChessVersion "1.4.8"]

1. d4 {[%clk 1:30:55]} Nf6 {[%clk 1:30:54]} 2. Bf4 {[%clk 1:31:19]} g6
{[%clk 1:28:34]} 3. Nc3 {[%clk 1:31:43]} d5 {[%clk 1:28:57]} 4. e3
{[%clk 1:32:06]} Bg7 {[%clk 1:29:00]} 5. h4 {[%clk 1:32:22]} a5 {[%clk 1:26:26]}
6. Be2 {[%clk 1:30:48]} Na6 {[%clk 1:03:59]} 7. h5 {[%clk 1:17:32]} e6
{[%clk 1:00:19]} 8. hxg6 {[%clk 1:16:20]} hxg6 {[%clk 1:00:04]} 9. Rxh8+
{[%clk 1:16:42]} Bxh8 {[%clk 1:00:04]} 10. Nf3 {[%clk 1:16:03]} Bd7
{[%clk 0:56:38]} 11. Ne5 {[%clk 1:15:06]} Nb4 {[%clk 0:51:00]} 12. Bg5
{[%clk 1:05:28]} Qe7 {[%clk 0:41:52]} 13. Ng4 {[%clk 1:03:11]} c5
{[%clk 0:36:43]} 14. a3 {[%clk 0:40:49]} Nc6 {[%clk 0:27:32]} 15. Bb5
{[%clk 0:36:45]} O-O-O {[%clk 0:23:25]} 16. Bxc6 {[%clk 0:34:53]} Bxc6
{[%clk 0:21:42]} 17. Qf3 {[%clk 0:34:14]} cxd4 {[%clk 0:19:17]} 18. exd4
{[%clk 0:34:18]} e5 {[%clk 0:18:59]} 19. Bxf6 Bxf6 {[%clk 0:18:56]} 20. Qxf6
{[%clk 0:34:20]} Qxf6 {[%clk 0:18:47]} 21. Nxf6 {[%clk 0:34:45]} exd4
{[%clk 0:19:04]} 22. Ne2 {[%clk 0:34:56]} Rd6 {[%clk 0:19:26]} 23. Ng4
{[%clk 0:34:44]} f5 {[%clk 0:19:48]} 24. Ne5 {[%clk 0:34:45]} Re6
{[%clk 0:19:40]} 25. f4 {[%clk 0:34:22]} g5 {[%clk 0:19:48]} 26. Nxd4
{[%clk 0:34:36]} Re8 {[%clk 0:19:05]} 27. g3 {[%clk 0:34:59]} gxf4
{[%clk 0:19:21]} 28. gxf4 {[%clk 0:35:25]} Bd7 {[%clk 0:19:42]} 29. Kf2
{[%clk 0:35:46]} Kc7 {[%clk 0:20:06]} 30. Rh1 {[%clk 0:36:06]} 1-0

[Event "msr2018"]
[Site "?"]
[Date "2018.04.25"]
[Round "7.19"]
[White "Janik, Marek Tobias"]
[Black "Rakovsky, Jakub"]
[Result "1/2-1/2"]
[BlackElo "1254"]
[WhiteElo "1553"]
[LiveChessVersion "1.4.8"]

1. e4 {[%clk 1:30:56]} c5 {[%clk 1:30:19]} 2. Nc3 {[%clk 1:31:21]} d6
{[%clk 1:29:35]} 3. f4 {[%clk 1:30:50]} Nc6 {[%clk 1:28:49]} 4. Bb5
{[%clk 1:30:52]} Bd7 {[%clk 1:28:09]} 5. Bxc6 {[%clk 1:29:02]} Bxc6
{[%clk 1:28:04]} 6. Nf3 {[%clk 1:29:11]} g6 {[%clk 1:27:41]} 7. d3
{[%clk 1:29:28]} Bg7 {[%clk 1:27:47]} 8. O-O {[%clk 1:29:48]} Nf6
{[%clk 1:23:47]} 9. Qe1 {[%clk 1:30:04]} O-O {[%clk 1:23:39]} 10. Qh4
{[%clk 1:30:01]} Nd7 {[%clk 1:21:52]} 11. Be3 {[%clk 1:19:40]} e6
{[%clk 1:18:34]} 12. Qf2 {[%clk 1:14:55]} b6 {[%clk 1:17:30]} 13. Rad1
{[%clk 1:14:21]} Nf6 {[%clk 1:14:18]} 14. h3 {[%clk 1:12:54]} Qc7
{[%clk 1:13:51]} 15. e5 {[%clk 1:08:17]} dxe5 {[%clk 1:12:52]} 16. Nxe5
{[%clk 1:00:17]} Rad8 {[%clk 1:09:07]} 17. Nxc6 {[%clk 0:58:02]} Qxc6
{[%clk 1:09:11]} 18. Qf3 {[%clk 0:53:39]} Qxf3 {[%clk 1:06:32]} 19. Rxf3
{[%clk 0:53:34]} Nd5 {[%clk 1:06:19]} 20. Nxd5 {[%clk 0:53:22]} Rxd5
{[%clk 1:04:42]} 21. b3 {[%clk 0:50:30]} Rfd8 {[%clk 1:03:55]} 22. Bf2
{[%clk 0:50:08]} Bd4 {[%clk 1:03:38]} 23. Bxd4 {[%clk 0:49:34]} cxd4
{[%clk 1:03:13]} 24. Kf1 {[%clk 0:49:24]} Rc5 {[%clk 1:03:27]} 25. Rc1
{[%clk 0:49:41]} Rdc8 {[%clk 1:03:35]} 26. Rf2 {[%clk 0:49:09]} Rc3
{[%clk 1:04:00]} 27. Ke1 {[%clk 0:48:46]} Rxd3 {[%clk 1:04:01]} 28. Rd2
{[%clk 0:46:47]} Rdc3 {[%clk 1:03:39]} 29. Kd1 {[%clk 0:43:10]} Rg3
{[%clk 1:02:51]} 30. a4 {[%clk 0:42:02]} Rd8 {[%clk 1:02:17]} 31. Ke1
{[%clk 0:38:12]} Kg7 {[%clk 1:01:46]} 32. Rcd1 {[%clk 0:36:34]} Kf6
{[%clk 1:00:16]} 33. Kf1 {[%clk 0:34:38]} Rc3 {[%clk 0:59:23]} 34. Re2
{[%clk 0:16:33]} d3 {[%clk 0:59:02]} 35. cxd3 {[%clk 0:16:50]} Rxb3
{[%clk 0:58:59]} 36. Red2 {[%clk 0:10:49]} Rb4 {[%clk 0:58:46]} 37. g3
{[%clk 0:11:05]} Rxa4 {[%clk 0:59:06]} 38. Ke2 {[%clk 0:11:23]} Rad4
{[%clk 0:59:03]} 39. Ra2 {[%clk 0:11:39]} a5 {[%clk 0:59:22]} 40. Rb2
{[%clk 0:11:45]} R4d6 {[%clk 0:59:38]} 41. g4 {[%clk 0:10:47]} a4
{[%clk 0:59:55]} 42. Rb4 {[%clk 0:10:13]} Ra8 {[%clk 0:59:59]} 43. Ra1
{[%clk 0:10:32]} a3 {[%clk 1:00:21]} 44. Rb3 {[%clk 0:10:46]} a2 {[%clk 1:00:45]}
45. Rb2 {[%clk 0:11:12]} Ra3 {[%clk 1:00:10]} 46. Rd2 {[%clk 0:11:28]} Ra4
{[%clk 1:00:00]} 47. Ke3 {[%clk 0:11:37]} Rdd4 {[%clk 1:00:00]} 48. Rf2
{[%clk 0:11:53]} Rd5 {[%clk 0:59:38]} 49. Raxa2 {[%clk 0:12:06]} Rxa2
{[%clk 0:59:51]} 50. Rxa2 {[%clk 0:12:31]} h5 {[%clk 1:00:13]} 51. g5+
{[%clk 0:11:29]} Kf5 {[%clk 1:00:21]} 52. Ra7 {[%clk 0:11:21]} e5
{[%clk 1:00:18]} 53. Rxf7+ {[%clk 0:11:22]} Ke6 {[%clk 1:00:43]} 54. Rf6+
{[%clk 0:11:41]} Ke7 {[%clk 1:00:51]} 55. Rxb6 {[%clk 0:09:02]} exf4+
{[%clk 1:00:48]} 56. Kxf4 {[%clk 0:09:00]} Rf5+ {[%clk 1:00:29]} 57. Ke4
{[%clk 0:08:29]} Rxg5 {[%clk 1:00:40]} 58. d4 {[%clk 0:06:46]} Rg1
{[%clk 1:00:46]} 59. d5 {[%clk 0:06:28]} g5 {[%clk 1:00:00]} 60. Re6+
{[%clk 0:06:21]} Kd7 {[%clk 1:00:20]} 61. Rh6 {[%clk 0:05:58]} g4
{[%clk 0:58:14]} 62. Rxh5 {[%clk 0:06:12]} gxh3 {[%clk 0:57:55]} 63. Rxh3
{[%clk 0:06:26]} Re1+ {[%clk 0:58:17]} 64. Kf3 {[%clk 0:05:36]} Kd6
{[%clk 0:58:18]} 65. Rh5 {[%clk 0:05:43]} Rd1 {[%clk 0:58:40]} 66. Ke4
{[%clk 0:06:01]} Re1+ {[%clk 0:59:04]} 67. Kd4 {[%clk 0:06:09]} Rd1+
{[%clk 0:59:27]} 68. Ke3 {[%clk 0:06:33]} Rxd5 {[%clk 0:59:50]} 69. Rxd5+
{[%clk 0:06:52]} Kxd5 {[%clk 1:00:00]} 1/2-1/2

[Event "msr2018"]
[Site "?"]
[Date "2018.04.25"]
[Round "7.21"]
[White "Havalda, Samuel"]
[Black "Musaev, Matej Elbek"]
[Result "1-0"]
[BlackElo "1723"]
[WhiteElo "1406"]
[LiveChessVersion "1.4.8"]

1. e4 {[%clk 1:30:58]} c5 {[%clk 1:30:55]} 2. Nf3 {[%clk 1:30:53]} a6
{[%clk 1:31:07]} 3. d4 {[%clk 1:31:04]} cxd4 {[%clk 1:31:32]} 4. Nxd4
{[%clk 1:31:17]} Nf6 {[%clk 1:31:53]} 5. f3 {[%clk 1:31:13]} d6 {[%clk 1:31:10]}
6. c4 {[%clk 1:31:19]} e6 {[%clk 1:30:42]} 7. Nc3 {[%clk 1:30:48]} b6
{[%clk 1:30:27]} 8. Be3 {[%clk 1:30:24]} Bb7 {[%clk 1:30:45]} 9. Be2
{[%clk 1:29:09]} Nbd7 {[%clk 1:30:01]} 10. O-O {[%clk 1:28:37]} Rc8
{[%clk 1:29:51]} 11. Qd2 {[%clk 1:27:03]} Be7 {[%clk 1:30:03]} 12. Rac1
{[%clk 1:21:52]} O-O {[%clk 1:29:11]} 13. Rfd1 {[%clk 1:20:19]} Ne5
{[%clk 1:26:54]} 14. b3 {[%clk 1:18:14]} Qc7 {[%clk 1:24:05]} 15. Na4
{[%clk 1:12:31]} Rfd8 {[%clk 1:20:22]} 16. Nxb6 {[%clk 1:03:52]} Qxb6
{[%clk 1:19:03]} 17. Nxe6 {[%clk 1:03:45]} Qc6 {[%clk 1:19:05]} 18. Nxd8
{[%clk 1:04:10]} Rxd8 {[%clk 1:19:29]} 19. b4 {[%clk 0:58:33]} Qa4
{[%clk 1:13:15]} 20. b5 {[%clk 0:57:15]} axb5 {[%clk 1:12:48]} 21. cxb5
{[%clk 0:57:07]} Rd7 {[%clk 1:02:50]} 22. b6 {[%clk 0:51:04]} Bc6
{[%clk 0:53:54]} 23. Qc2 {[%clk 0:43:29]} Qa3 {[%clk 0:50:49]} 24. Qb3
{[%clk 0:41:08]} Qa5 {[%clk 0:43:54]} 25. Rxc6 {[%clk 0:33:17]} Nxc6
{[%clk 0:43:40]} 26. Bb5 {[%clk 0:33:35]} Nb8 {[%clk 0:34:52]} 27. Bxd7 Nfxd7
{[%clk 0:35:11]} 28. Rc1 {[%clk 0:30:59]} Nc5 {[%clk 0:34:53]} 29. Bxc5
{[%clk 0:29:16]} dxc5 {[%clk 0:35:04]} 30. a4 {[%clk 0:28:33]} c4
{[%clk 0:34:08]} 31. Qb5 {[%clk 0:28:36]} Qxb5 {[%clk 0:28:20]} 32. axb5
{[%clk 0:28:53]} Bc5+ {[%clk 0:28:48]} 33. Kf1 {[%clk 0:29:05]} Bxb6
{[%clk 0:29:11]} 34. Rxc4 {[%clk 0:29:18]} Nd7 {[%clk 0:29:36]} 35. Rc8+
{[%clk 0:29:03]} Nf8 {[%clk 0:29:49]} 36. Rc6 {[%clk 0:29:05]} Nd7
{[%clk 0:29:49]} 37. Rd6 {[%clk 0:29:31]} Kf8 {[%clk 0:29:23]} 38. Rxd7
{[%clk 0:29:46]} Ke8 {[%clk 0:29:47]} 39. Rd5 {[%clk 0:29:49]} f6
{[%clk 0:29:48]} 40. Ke2 {[%clk 0:29:45]} Bg1 {[%clk 0:29:57]} 41. h3 Ke7 42. f4
{[%clk 0:29:54]} g6 {[%clk 0:29:57]} 43. g4 {[%clk 0:29:53]} Ke6 {[%clk 0:29:59]}
44. Rd1 {[%clk 0:29:15]} Bb6 {[%clk 0:30:05]} 45. Rc1 Kd7 46. f5 {[%clk 0:28:13]}
g5 {[%clk 0:30:19]} 47. Kd3 {[%clk 0:28:00]} Bd8 {[%clk 0:30:22]} 48. Kd4
{[%clk 0:27:50]} Kd6 49. Rc6+ {[%clk 0:27:56]} Kd7 {[%clk 0:30:50]} 50. Kd5
{[%clk 0:27:41]} Bc7 {[%clk 0:31:09]} 51. Rxc7+ {[%clk 0:27:38]} Kxc7
{[%clk 0:31:02]} 52. Ke6 {[%clk 0:27:36]} Kb6 53. Kxf6 {[%clk 0:28:00]} h5
{[%clk 0:31:52]} 54. e5 {[%clk 0:27:40]} hxg4 {[%clk 0:32:11]} 55. hxg4
{[%clk 0:28:03]} Kxb5 {[%clk 0:32:31]} 56. e6 {[%clk 0:28:23]} Kc6
{[%clk 0:32:56]} 57. e7 {[%clk 0:28:48]} Kd7 {[%clk 0:33:15]} 58. Kf7
{[%clk 0:29:10]} Kd6 {[%clk 0:33:42]} 59. e8=Q 1-0

[Event "msr2018"]
[Site "?"]
[Date "2018.04.25"]
[Round "7.22"]
[White "Koska, Jiri"]
[Black "Paluska, Karol"]
[Result "0-1"]
[BlackElo "1377"]
[WhiteElo "1287"]
[LiveChessVersion "1.4.8"]

1. e4 {[%clk 1:30:59]} c6 {[%clk 1:30:55]} 2. d4 {[%clk 1:31:06]} d5
{[%clk 1:31:20]} 3. e5 {[%clk 1:31:29]} Bf5 {[%clk 1:31:45]} 4. Nf3
{[%clk 1:31:45]} e6 {[%clk 1:32:09]} 5. Nc3 {[%clk 1:32:03]} c5 {[%clk 1:32:17]}
6. Be3 {[%clk 1:31:44]} Qb6 {[%clk 1:32:26]} 7. Rb1 {[%clk 1:31:58]} Nc6
{[%clk 1:32:41]} 8. Be2 {[%clk 1:31:16]} a6 {[%clk 1:30:45]} 9. O-O
{[%clk 1:30:00]} Nb4 {[%clk 1:28:57]} 10. Rc1 {[%clk 1:28:38]} c4
{[%clk 1:25:26]} 11. a3 {[%clk 1:27:07]} Nc6 {[%clk 1:25:38]} 12. b4
{[%clk 1:25:15]} cxb3 {[%clk 1:24:27]} 13. cxb3 {[%clk 1:25:21]} Bxa3
{[%clk 1:22:59]} 14. Na4 {[%clk 1:24:17]} Qc7 {[%clk 1:22:10]} 15. Ra1
{[%clk 1:23:42]} Bb4 {[%clk 1:21:27]} 16. Bd2 {[%clk 1:22:10]} Bxd2
{[%clk 1:20:47]} 17. Qxd2 {[%clk 1:21:41]} Nge7 {[%clk 1:19:54]} 18. Nc5
{[%clk 1:21:17]} O-O {[%clk 1:18:57]} 19. h3 {[%clk 1:20:26]} h6 {[%clk 1:18:06]}
20. Nh4 {[%clk 1:19:33]} Nxe5 {[%clk 1:14:55]} 21. Nxb7 {[%clk 1:19:33]} Qxb7
{[%clk 1:13:32]} 22. dxe5 {[%clk 1:19:48]} g5 {[%clk 1:05:17]} 23. Nxf5
{[%clk 1:20:00]} Nxf5 {[%clk 1:05:26]} 24. f4 {[%clk 1:19:11]} Qb6+
{[%clk 1:00:08]} 25. Kh1 {[%clk 1:18:46]} Ng3+ {[%clk 1:00:26]} 26. Kh2
{[%clk 1:18:53]} Nxf1+ {[%clk 1:00:50]} 27. Bxf1 {[%clk 1:19:16]} Qd8
{[%clk 0:58:30]} 28. Rxa6 {[%clk 1:18:36]} Rxa6 {[%clk 0:58:28]} 29. Bxa6
{[%clk 1:18:58]} gxf4 {[%clk 0:58:17]} 30. Qxf4 {[%clk 1:19:08]} Qg5
{[%clk 0:58:36]} 31. Qf3 {[%clk 1:19:19]} Qxe5+ {[%clk 0:58:12]} 32. Kh1
{[%clk 1:19:34]} Qa1+ {[%clk 0:58:14]} 33. Bf1 {[%clk 1:19:53]} Qg7
{[%clk 0:57:21]} 34. b4 {[%clk 1:20:08]} Rb8 {[%clk 0:57:16]} 35. Qf4
{[%clk 1:20:27]} Rc8 {[%clk 0:50:10]} 36. Ba6 {[%clk 1:20:03]} Qa1+
{[%clk 0:49:30]} 37. Bf1 {[%clk 1:20:22]} Rc1 {[%clk 0:45:29]} 38. Kg1
{[%clk 1:20:35]} e5 {[%clk 0:29:57]} 39. Qf2 {[%clk 1:20:21]} Qd4
{[%clk 0:29:38]} 40. Qxd4 {[%clk 1:20:26]} exd4 {[%clk 0:30:01]} 41. b5
{[%clk 1:20:48]} d3 {[%clk 0:30:13]} 42. Kf2 {[%clk 1:20:24]} d2 {[%clk 0:30:30]}
43. Be2 {[%clk 1:20:47]} d1=Q {[%clk 0:30:39]} 44. Bxd1 {[%clk 1:21:09]} Rxd1
{[%clk 0:31:04]} 0-1

[Event "msr2018"]
[Site "?"]
[Date "2018.04.25"]
[Round "7.23"]
[White "Lovcican, Tomas"]
[Black "Orgon, Patrik"]
[Result "0-1"]
[BlackElo "1402"]
[WhiteElo "1660"]
[LiveChessVersion "1.4.8"]

1. d4 {[%clk 1:30:57]} d5 {[%clk 1:30:54]} 2. c4 {[%clk 1:31:23]} e6
{[%clk 1:31:17]} 3. Nc3 {[%clk 1:31:47]} Nf6 {[%clk 1:31:33]} 4. Nf3
{[%clk 1:32:08]} Be7 {[%clk 1:31:21]} 5. Bf4 {[%clk 1:31:58]} O-O
{[%clk 1:31:27]} 6. e3 {[%clk 1:32:23]} b6 {[%clk 1:31:33]} 7. Bd3
{[%clk 1:32:06]} dxc4 {[%clk 1:31:07]} 8. Bxc4 {[%clk 1:32:28]} Bb7
{[%clk 1:31:08]} 9. O-O {[%clk 1:29:00]} Nbd7 {[%clk 1:30:10]} 10. Rc1
{[%clk 1:23:55]} c5 {[%clk 1:29:36]} 11. Nb5 {[%clk 1:18:36]} Nh5
{[%clk 1:19:05]} 12. Bd6 {[%clk 1:16:12]} Nhf6 {[%clk 1:07:44]} 13. Re1
{[%clk 0:51:57]} Bxd6 {[%clk 1:00:35]} 14. Nxd6 {[%clk 0:52:20]} Qc7
{[%clk 0:55:29]} 15. dxc5 {[%clk 0:43:56]} bxc5 {[%clk 0:45:52]} 16. Ng5
{[%clk 0:32:27]} Ne5 {[%clk 0:38:04]} 17. Bxe6 {[%clk 0:31:00]} fxe6
{[%clk 0:35:50]} 18. Nxe6 {[%clk 0:31:20]} Qc6 {[%clk 0:35:56]} 19. Nxb7
{[%clk 0:31:18]} Qxe6 {[%clk 0:34:01]} 20. Nxc5 Qf7 {[%clk 0:32:11]} 21. Qe2
{[%clk 0:30:00]} Rac8 {[%clk 0:32:01]} 22. Nb3 {[%clk 0:29:55]} Rxc1
{[%clk 0:32:03]} 23. Rxc1 {[%clk 0:30:20]} Rd8 {[%clk 0:31:58]} 24. h3
{[%clk 0:29:19]} h6 {[%clk 0:32:14]} 25. Qc2 {[%clk 0:28:41]} Qd7
{[%clk 0:30:53]} 26. f4 {[%clk 0:24:48]} Nf7 {[%clk 0:30:34]} 27. e4
{[%clk 0:22:31]} Qe6 {[%clk 0:27:56]} 28. Nd2 {[%clk 0:17:05]} Qb6+
{[%clk 0:26:14]} 29. Kh2 {[%clk 0:17:08]} Qe3 {[%clk 0:22:43]} 30. Nf1
{[%clk 0:15:15]} Qxf4+ {[%clk 0:21:46]} 31. Ng3 {[%clk 0:15:40]} Nh5
{[%clk 0:21:26]} 0-1

[Event "msr2018"]
[Site "?"]
[Date "2018.04.25"]
[Round "7.24"]
[White "Zacik, Tibor Gregor"]
[Black "Sustek, Adam"]
[Result "1-0"]
[BlackElo "1590"]
[WhiteElo "1179"]
[LiveChessVersion "1.4.8"]

1. e4 {[%clk 1:30:57]} e6 {[%clk 1:30:30]} 2. d4 {[%clk 1:31:10]} d5
{[%clk 1:30:53]} 3. exd5 {[%clk 1:31:16]} exd5 {[%clk 1:31:16]} 4. Bd3
{[%clk 1:31:24]} Bd6 {[%clk 1:31:33]} 5. c3 {[%clk 1:31:20]} Ne7 {[%clk 1:31:27]}
6. Ne2 {[%clk 1:28:22]} Bf5 {[%clk 1:30:00]} 7. Bxf5 {[%clk 1:24:14]} Nxf5
{[%clk 1:30:13]} 8. Qb3 {[%clk 1:24:16]} Qc8 {[%clk 1:12:38]} 9. Qxd5
{[%clk 1:22:56]} O-O {[%clk 1:13:06]} 10. O-O {[%clk 1:20:45]} Re8
{[%clk 1:11:17]} 11. Re1 {[%clk 1:12:14]} Nc6 {[%clk 1:11:18]} 12. Qf3
{[%clk 1:10:01]} Qd7 {[%clk 1:02:05]} 13. Nd2 {[%clk 1:03:11]} Re7
{[%clk 0:57:37]} 14. Nc4 {[%clk 0:59:42]} Rae8 {[%clk 0:56:20]} 15. Bd2
{[%clk 0:55:16]} Nh4 {[%clk 0:49:13]} 16. Qh5 {[%clk 0:51:16]} Ng6
{[%clk 0:46:29]} 17. Nxd6 {[%clk 0:46:55]} Qxd6 {[%clk 0:45:52]} 18. Ng3
{[%clk 0:44:54]} Nf4 {[%clk 0:40:25]} 19. Rxe7 {[%clk 0:44:00]} Rxe7
{[%clk 0:39:59]} 20. Bxf4 {[%clk 0:41:29]} Qxf4 {[%clk 0:39:42]} 21. Qb5
{[%clk 0:39:57]} Nd8 {[%clk 0:34:06]} 22. Qd5 {[%clk 0:39:53]} Nc6
{[%clk 0:31:30]} 23. Qf5 {[%clk 0:35:47]} Qxf5 {[%clk 0:31:11]} 24. Nxf5
{[%clk 0:36:04]} Re2 {[%clk 0:31:35]} 25. Rb1 {[%clk 0:36:03]} Re8
{[%clk 0:28:48]} 26. f3 {[%clk 0:35:20]} g6 {[%clk 0:26:57]} 27. Ng3
{[%clk 0:35:27]} f5 {[%clk 0:27:05]} 28. Kf2 {[%clk 0:35:34]} Kf7
{[%clk 0:27:09]} 29. Re1 {[%clk 0:35:09]} Rxe1 {[%clk 0:27:08]} 30. Kxe1
{[%clk 0:35:32]} Ke6 {[%clk 0:27:30]} 31. Nf1 {[%clk 0:35:24]} Na5
{[%clk 0:27:14]} 32. Nd2 {[%clk 0:35:33]} Kd5 {[%clk 0:26:43]} 33. b3
{[%clk 0:34:49]} b6 {[%clk 0:25:51]} 34. Ke2 {[%clk 0:33:45]} Nb7
{[%clk 0:23:13]} 35. g3 {[%clk 0:30:06]} c5 {[%clk 0:22:40]} 36. dxc5
{[%clk 0:29:40]} Nxc5 {[%clk 0:23:05]} 37. Ke3 {[%clk 0:28:49]} Ne6
{[%clk 0:21:56]} 38. h4 {[%clk 0:28:16]} h6 {[%clk 0:18:47]} 39. f4
{[%clk 0:26:13]} b5 {[%clk 0:15:03]} 40. c4+ {[%clk 0:25:56]} bxc4
{[%clk 0:15:18]} 41. Nxc4 {[%clk 0:26:14]} Nc5 {[%clk 0:13:48]} 42. Ne5
{[%clk 0:24:48]} Ne4 {[%clk 0:10:33]} 43. g4 {[%clk 0:23:40]} fxg4
{[%clk 0:05:16]} 44. Nxg4 {[%clk 0:23:47]} g5 {[%clk 0:03:08]} 45. fxg5
{[%clk 0:20:41]} hxg5 {[%clk 0:02:14]} 46. h5 {[%clk 0:20:02]} Nd6
{[%clk 0:00:39]} 47. h6 {[%clk 0:19:59]} Nf7 {[%clk 0:00:59]} 48. h7
{[%clk 0:20:16]} Ke6 {[%clk 0:29:54]} 49. a4 {[%clk 0:50:13]} Kd5
{[%clk 0:26:23]} 50. b4 {[%clk 0:50:11]} Nh8 {[%clk 0:25:38]} 51. b5
{[%clk 0:50:11]} Kc5 {[%clk 0:24:48]} 52. Ke4 {[%clk 0:50:32]} Kb4
{[%clk 0:24:43]} 53. Kf5 {[%clk 0:50:51]} Kxa4 {[%clk 0:25:06]} 54. Kf6
{[%clk 0:51:01]} Kxb5 {[%clk 0:25:29]} 55. Kg7 {[%clk 0:51:22]} a5
{[%clk 0:25:42]} 56. Kxh8 {[%clk 0:51:34]} a4 {[%clk 0:26:06]} 57. Kg8
{[%clk 0:51:38]} 1-0